Upwaas Karaa Aani Nirogee Rahaa (Record no. 349836)

MARC details
000 -LEADER
fixed length control field 004030000a22001810004500
005 - DATE AND TIME OF LATEST TRANSACTION
control field 20120302055945.0
040 ## - CATALOGING SOURCE
Original cataloging agency MAR
100 ## - MAIN ENTRY--PERSONAL NAME
Personal name Gala,Dha.Raa.
100 ## - MAIN ENTRY--PERSONAL NAME
Personal name Gala,Dhiren
245 ## - TITLE STATEMENT
Title Upwaas Karaa Aani Nirogee Rahaa
250 ## - EDITION STATEMENT
Edition statement 3
260 ## - PUBLICATION, DISTRIBUTION, ETC. (IMPRINT)
Place of publication, distribution, etc Dadar:Gala Publishars,1991.
300 ## - PHYSICAL DESCRIPTION
Extent 47p.
365 ## - TRADE PRICE
Price amount 5/-
650 ## - SUBJECT ADDED ENTRY--TOPICAL TERM
Topical term or geographic name as entry element Aarogyashaastra
650 ## - SUBJECT ADDED ENTRY--TOPICAL TERM
Topical term or geographic name as entry element Upwaas-Aarogya
942 ## - ADDED ENTRY ELEMENTS (KOHA)
Koha item type Book
Holdings
Withdrawn status Lost status Damaged status Not for loan Home library Current library Date acquired Total Checkouts Barcode Date last seen Price effective from
        Institute For Oriental Study, Thane Institute For Oriental Study, Thane 12/02/2009   IOS-14525 12/02/2009 12/02/2009